A hulladék nem a szemétbe való ÚJ kezdeményezések a MÉH Vállalatnál /

Elmentve itt :
Bibliográfiai részletek
Szerző: Halász Miklós
Dokumentumtípus: Cikk
Megjelent: 1974-09-28
Sorozat:Délmagyarország 64 No. 227
Kulcsszavak:MÉH
Online Access:http://dmarchiv.bibl.u-szeged.hu/109069
LEADER 00493nab a2200157 i 4500
001 delm109069
005 20190409144609.0
008 190409s1974 hu o 0|| hun d
040 |a SZTE Délmagyarország Archívum  |b hun 
041 |a hun 
100 1 |a Halász Miklós 
245 1 2 |a A hulladék nem a szemétbe való   |h [elektronikus dokumentum] :  |b ÚJ kezdeményezések a MÉH Vállalatnál /  |c  Halász Miklós 
260 |c 1974-09-28 
300 |a 4 
490 0 |a Délmagyarország  |v 64 No. 227 
695 |a MÉH